00309nam a2200121Ia 4500008004100000100001300041245005500054260003200109300000800141650001300149942000800162999001700170190216s9999||||xx |||||||||||||| ||und|| aJain D P 0aBusiness Studies: Comprensive Question Bank For Xi bLaxmi Publication Ltdc2003 a332 aCommerce cREF c36733d36733